000
00472nam a2200145Ia 4500
008
100122s9999 xx 000 0 und d
082
_b
42742
_a
822.09
100
_a
भवाळकर तारा
245
_a
लोकनागर रंगभूमी
260
_b
नीहारा प्रकाशन
_c
1989
300
_a
152
630
_a
लोकनागर रंगभूमी
730
_a
लोकनागर रंगभूमी
942
_c
BOOK
999
_c
423061
_d
423058